000 00661nam a2200241Ia 4500
003 OSt
005 20220928105234.0
006 a|||||r|||| 00| 0
007 ta
008 220927b |||||||| |||| 00| 0 eng d
024 _a53447
037 _cTextual
040 _aSDCL
_cSDCL
_beng
041 _2eng
_aeng
082 _aR6x, K6
100 _aNarvane Vishwanath
_9414460
245 0 _aAadhunik bhartiya chintan .
260 _aDelhi
_bRajkamal Prakashan
_c1996
300 _a342p.
_ccm.
700 _a Jain Nemichandra Tr.
_9414461
942 _hR6x, K6
_cTEXL
_2CC
999 _c730289
_d730289